000 01823cam a22003137a 4500
001 17240517
003 ARRUPE
005 20140114020011.0
008 120403s2012 cau b 000 0 eng d
010 _a 2012936914
020 _a9781586177911
020 _a1586177915
035 _a(OCoLC)ocn796754052
040 _aBTCTA
_beng
_cBTCTA
_dYDXCP
_dJBL
_dSTU
_dBWX
_dLML
_dDLC
042 _alccopycat
050 0 0 _aBX1752
_b.K11 2012
082 0 4 _a230.2
_223
100 1 _aKaczor, Christopher Robert,
_d1969-
_94260
245 1 4 _aThe seven big myths about the Catholic Church :
_bdistinguishing fact from fiction about Catholicism /
_cChristopher Kaczor.
260 _aSan Francisco :
_bIgnatius Press,
_cc2012.
300 _a164 p. ;
_c21 cm.
504 _aIncludes bibliographical references.
505 0 _aThe Church opposes science : the myth of Catholic irrationality -- The Church opposes freedom and happiness : the myth of Catholic indifference to earthly welfare -- The Church hates women : the myth of Catholic misogyny -- Indifferent to love, the Church banned contraception : the myth of opposition between love and procreation -- The Church hates gays : the myth of Catholic "homophobia" and inaction against AIDS/HIV -- The Church opposes same-sex marriage because of bigotry : the myth that there is no rational basis for limiting marriage to one man and one woman -- Priestly celibacy caused the crisis of sexual abuse of minors : the myth of priestly pedophilia.
610 2 0 _aCatholic Church
_vApologetic works.
_94261
610 2 0 _aCatholic Church
_xDoctrines.
_94262
906 _a7
_bcbc
_ccopycat
_d2
_encip
_f20
_gy-gencatlg
942 _2lcc
_cMONOGRAPH
_01
999 _c118794
_d118794